| Поле | Название | Значение |
| |
Тип записи |
a |
| |
Библиографический уровень |
m |
| 001 |
Контрольный номер |
admiBOOK00020384 |
| 005 |
Дата корректировки |
20140710190057.6 |
| 010 |
Индекс ISBN |
__ |
| a |
ISBN |
978-9-9916-3646-9 |
| d |
Цена |
418,99 |
| 100 |
Данные общей обработки |
__ |
| a |
Данные общей обработки |
19020211 |||y0 y0189 ca |
| 101 |
Язык документа |
__ |
| a |
Язык текста |
rus |
| 105 |
Кодированные данные (монография) |
__ |
| a |
Кодированные данные (монография) |
zy |
| 200 |
Заглавие и сведения об ответственности |
0_ |
| a |
Заглавие |
Инновационный менеджмент |
| e |
Сведения, относящиеся к заглавию |
учебник для бакалавров |
| f |
Первые сведения об ответственности |
А.В.Тебекин |
| 205 |
Сведения об издании |
__ |
| a |
Основные сведения об издании |
2-е изд., перераб. и доп. |
| b |
Дополнительные сведения об издании |
Рек. УМО |
| 210 |
Выходные данные |
__ |
| a |
Место издания |
М |
| c |
Издательство |
Издательство Юрайт |
| d |
Дата издания |
2014 |
| 215 |
Физическое описание |
__ |
| a |
Объем |
481с. |
| 225 |
Серия |
__ |
| a |
Серия |
Бакалавр. Базовый курс |
| 606 |
Тематические рубрики |
__ |
| a |
Основная рубрика |
Менеджмент |
| x |
Основная подрубрика |
Инновационный менеджмент |
| 610 |
Ключевые слова |
__ |
| a |
Ключевые слова |
Менеджмент |
| a |
Ключевые слова |
Инновационный менеджмент |
| a |
Ключевые слова |
Инновации |
| a |
Ключевые слова |
Свойства инноваций |
| a |
Ключевые слова |
Виды инноваций |
| a |
Ключевые слова |
Классификация инноваций |
| a |
Ключевые слова |
Инновационная стадия |
| a |
Ключевые слова |
Инвестиционная стадия |
| a |
Ключевые слова |
Инновационные статегии предприятия |
| a |
Ключевые слова |
Инновационные ресурсы |
| a |
Ключевые слова |
Инновационный потенциал предприятия |
| a |
Ключевые слова |
Инновационный проект |
| a |
Ключевые слова |
Инновационный процесс |
| 675 |
Индекс УДК |
__ |
| a |
Индекс УДК |
33 |
| 686 |
Индексы других классификаций |
__ |
| a |
Классификационный индекс |
65.050(М) |
| 700 |
Автор |
_1 |
| a |
Фамилия |
Тебекин |
| b |
Имя |
А.В. |
| 852 |
Данные о местонахождении |
__ |
| c |
Местонахождение стеллажа |
65.050(М) |
| 852 |
Данные о местонахождении |
__ |
| b |
Сигла хранения |
ЧЗ_1 |
| t |
Номер экземпляра |
5 |
| i |
Авторский знак |
Т29 |
| p |
Инвентарный номер |
149811 |
| p |
Инвентарный номер |
149812 |
| p |
Инвентарный номер |
149813 |
| p |
Инвентарный номер |
149814 |
| p |
Инвентарный номер |
149815 |
| j |
Шифр хранения |
65.050(М) |
| 901 |
Тип документа |
__ |
| t |
Тип документа |
m |
| 911 |
|
__ |
| u |
|
952a=Учебная |
| u |
|
952p=2501 |
| 938 |
Служебная информация |
__ |
| a |
Название организации |
Саранский филиал |
| b |
Имя БД |
OUTPUT.MRC_доп |
| c |
Название АИБС |
АИБС Библиотека |